000 00269nam a2200097Ia 4500
005 20250424112919.0
008 250424s9999 xx 000 0 und d
300 _a58 p. :ill. ; 25 cm.
650 _aResearch--Methodology--Periodicals. Research--Methodology.
942 _cSR
999 _c37842
_d37842